| 000 | 00868cam a2200241 a 4500 | ||
|---|---|---|---|
| 001 | 000014497 | ||
| 005 | 20250916134336.0 | ||
| 008 | 860117s1977 ve a b 000 0 spa | ||
| 035 | _a(DLC) 85193856 | ||
| 040 |
_aDO-SdBNP _cDLC _dDLC |
||
| 082 |
_a303.62 _bB641L |
||
| 100 | 1 |
_aBlanco Muñoz, Agustín. _932737 |
|
| 245 | 1 | 0 |
_aLatinoamérica, la historia violentada / _cAgustín Blanco Muñoz. |
| 260 |
_aCaracas : _bUniversidad Central de Venezuela ; _bFacultad de Ciencias Económicas y Sociales ; _bDivisión de Publicaciones, _c1977. |
||
| 300 |
_a82 p. : _bil. ; _c23 cm. |
||
| 490 | 1 | _aEsquema | |
| 504 | _aIncluye referencias bibliográficas y noatas al pie de las páginas. | ||
| 650 | 0 |
_aViolencia _91750 |
|
| 651 | 4 |
_aAmérica Latina _xHistoria _xFilosofía _932738 |
|
| 830 | 0 |
_aEsquema. _95401 |
|
| 910 | _aCatalogación por copia / LC | ||
| 049 | _aBNGR | ||
| 999 |
_c14086 _d14086 |
||